| 000 | 00671cam a2200241ua 4500 | ||
|---|---|---|---|
| 001 | 6877 | ||
| 005 | 20260515114124.0 | ||
| 008 | 140319n ii |||gr||||Z||||||eng | ||
| 020 | _a81-7096-808-9 | ||
| 040 | _cMAIN | ||
| 082 | _a338.7 | ||
| 245 |
_aBusiness organisation and commercial practice _cBy S.S. Sarkar |
||
| 250 | _bPart II. | ||
| 260 |
_aLudhiana: _bKalyani publishers, _c1996. |
||
| 300 | _ax,92p. | ||
| 653 | _aProduction | ||
| 653 | _aBusiness organisation and commercial practice | ||
| 700 |
_aSarkar,S.S., _eAuthor., |
||
| 700 |
_aSharma,R.K., _eAuthor. |
||
| 700 |
_aGuptra,Shashi K., _eAuthor. |
||
| 700 |
_aNayyar,Sushil, _eAuthor. |
||
| 942 | _cBK | ||
| 999 |
_c6018 _d6018 |
||